Le travail de rue avec les adolescentes et jeunes femmes à Bamako : une action sociale globale (notice n° 1591901)

détails MARC
000 -LEADER
fixed length control field 01030cam a2200265 4500500
005 - DATE AND TIME OF LATEST TRANSACTION
control field 20251228065618.0
041 ## - LANGUAGE CODE
Language code of text/sound track or separate title fre
042 ## - AUTHENTICATION CODE
Authentication code dc
100 10 - MAIN ENTRY--PERSONAL NAME
Personal name Gouagna Traore, Sow
Relator term author
245 00 - TITLE STATEMENT
Title Le travail de rue avec les adolescentes et jeunes femmes à Bamako : une action sociale globale
260 ## - PUBLICATION, DISTRIBUTION, ETC.
Date of publication, distribution, etc. 2021.<br/>
500 ## - GENERAL NOTE
General note 70
520 ## - SUMMARY, ETC.
Summary, etc. Une présentation du travail de rue effectué à Bamako, au Mali, en direction des adolescentes et jeunes femmes.
690 ## - LOCAL SUBJECT ADDED ENTRY--TOPICAL TERM (OCLC, RLIN)
Topical term or geographic name as entry element adolescentes victimes d’exploitation sexuelle
690 ## - LOCAL SUBJECT ADDED ENTRY--TOPICAL TERM (OCLC, RLIN)
Topical term or geographic name as entry element Éducateur·trice de rue
690 ## - LOCAL SUBJECT ADDED ENTRY--TOPICAL TERM (OCLC, RLIN)
Topical term or geographic name as entry element enfants des rues
690 ## - LOCAL SUBJECT ADDED ENTRY--TOPICAL TERM (OCLC, RLIN)
Topical term or geographic name as entry element maraudes
690 ## - LOCAL SUBJECT ADDED ENTRY--TOPICAL TERM (OCLC, RLIN)
Topical term or geographic name as entry element Samusocial international
690 ## - LOCAL SUBJECT ADDED ENTRY--TOPICAL TERM (OCLC, RLIN)
Topical term or geographic name as entry element Samusocial Mali
690 ## - LOCAL SUBJECT ADDED ENTRY--TOPICAL TERM (OCLC, RLIN)
Topical term or geographic name as entry element travail de rue
700 10 - ADDED ENTRY--PERSONAL NAME
Personal name Chobeaux, François
Relator term author
700 10 - ADDED ENTRY--PERSONAL NAME
Personal name Laisney, Delphine
Relator term author
786 0# - DATA SOURCE ENTRY
Note VST - Vie sociale et traitements | 152 | 4 | 2021-10-28 | p. 36-39 | 0396-8669
856 41 - ELECTRONIC LOCATION AND ACCESS
Uniform Resource Identifier <a href="https://shs.cairn.info/revue-vie-sociale-et-traitements-2021-4-page-36?lang=fr&redirect-ssocas=7080">https://shs.cairn.info/revue-vie-sociale-et-traitements-2021-4-page-36?lang=fr&redirect-ssocas=7080</a>

Pas d'exemplaire disponible.

PLUDOC

PLUDOC est la plateforme unique et centralisée de gestion des bibliothèques physiques et numériques de Guinée administré par le CEDUST. Elle est la plus grande base de données de ressources documentaires pour les Étudiants, Enseignants chercheurs et Chercheurs de Guinée.

Adresse

627 919 101/664 919 101

25 boulevard du commerce
Kaloum, Conakry, Guinée

Réseaux sociaux

Powered by Netsen Group @ 2025